00122nam a22000617a 4500082001800000100001900018245002300037 a621.381502SHE aShea Richard F aAmplifier handbook